| 000 | 00850nam a2200301 i 4500 | ||
|---|---|---|---|
| 001 | 0000561 | ||
| 003 | DO-SdBPM | ||
| 005 | 20251030111611.0 | ||
| 007 | ta | ||
| 008 | 921113s1985 cu a | | spa d | ||
| 017 |
_a _b |
||
| 035 | _a | ||
| 040 |
_aDO-SdBPM _bspa _cBPMSU _erda |
||
| 080 | 4 | _a | |
| 082 | 4 |
_aCu863.6 _b B261g 1985 _222 |
|
| 100 | 1 |
_aBarnet, Miguel _d1940- _eautor |
|
| 245 | 1 | 0 |
_aGallego / _cMiguel Barnet _h |
| 264 |
_aLa Habana : _bEditorial Letras cubanas, _c1985. |
||
| 300 |
_a271 páginas : _bilustraciones ; _c20 cm. |
||
| 336 |
_atexto _btxt _2rdacontent |
||
| 337 |
_asin mediación _bn _2rdamedia |
||
| 338 |
_avolumen _bnc _2rdacarrier |
||
| 590 | _aInventariado, 2025/VM | ||
| 650 | 7 | _aNovela cubana | |
| 650 | 7 |
_ainmigrante _vnovela _2 |
|
| 910 | _aVMateo V. Control de calidad. BPMSU | ||
| 942 |
_2ddc _cBK |
||
| 999 |
_c11006 _d11006 |
||